Taxation and risk taking in general equilibrium models with free entry (Registro nro. 25931)
[ vista simple ]
| 000 -LEADER | |
|---|---|
| fixed length control field | 00406 a2200121 4500 |
| 001 - CONTROL NUMBER | |
| control field | ART_11895 |
| 005 - DATE AND TIME OF LATEST TRANSACTION | |
| control field | 20260410161901.0 |
| 008 - FIXED-LENGTH DATA ELEMENTS--GENERAL INFORMATION | |
| fixed length control field | 260409a |
| 100 1# - MAIN ENTRY--PERSONAL NAME | |
| Personal name | Laffont, Jean-Jacques |
| 245 10 - TITLE STATEMENT | |
| Title | Taxation and risk taking in general equilibrium models with free entry |
| 700 1# - ADDED ENTRY--PERSONAL NAME | |
| Personal name | Kihlstrom, Richard E. |
| 773 0# - HOST ITEM ENTRY | |
| Title | Journal of public economics |
| Related parts | - Vol. 21, Nº 2 (jul. 1983) |
| Record control number | REV11485 |
No hay ítems disponibles.